| 000 | 01450nam a22004335b 4500 | ||
|---|---|---|---|
| 999 |
_c63913 _d63913 |
||
| 001 | 768714001 | ||
| 003 | CO-MdFUSB | ||
| 005 | 20170731150917.0 | ||
| 008 | 980608t19892015sp | |||| ||spa | ||
| 017 |
_aM 24981-1997 _bOficina Depósito Legal Madrid |
||
| 020 | _a8489651264 | ||
| 040 |
_aSpMaBN _bspa _cCO-MdFUSB _erdc _dCO-MdFUSBC |
||
| 041 | 1 |
_aspa _hgrc |
|
| 080 | 0 | _a232.8 | |
| 082 |
_224 _a270.1 _bAT862 |
||
| 100 | 0 |
_aAtanasio, _eautor. |
|
| 240 | _aBiblioteca de patrística | ||
| 245 | 1 | 3 |
_aLa encarnación del Verbo _c/ Atanasio ; introducción de Fernando Guerrero Martínez ; traducción del griego de José C. Fernández Sahelices _b: |
| 250 |
_a2ª edición, _b2ª impresión: septiembre 2015 |
||
| 264 | 1 |
_aMadrid, (España) : _bCiudad Nueva, _c2015 |
|
| 264 | 4 | _c©1989 | |
| 300 |
_a160 p. _c: 21 cm _b: |
||
| 336 |
_2rdacontent _a1 _ba1 |
||
| 337 |
_2rdamedia _a2 _b5 |
||
| 338 |
_2rdacarrier _a2 _b5 |
||
| 440 | 0 | _v6 | |
| 490 | _aBiblioteca de Patristíca | ||
| 505 | _aIntroducción -- Vida y época de Atanasio -- Obra literaria -- La encarnación del Verbo. | ||
| 563 | _arústico | ||
| 650 | 7 |
_aEncarnación _2embne |
|
| 650 | 7 |
_aPadres de la Iglesia _959 _vObras |
|
| 653 | _aAtanasio | ||
| 700 | 1 | 1 |
_aGuerrero, Fernando _d1920- _eIntroductor |
| 700 | 1 | 1 |
_aFernández Sahelices, José C. _etraductor |
| 830 | _v6 | ||
| 942 | _cREF | ||